Знамената на държавите в Южна Америка - Statistics

General Stats
  • This quiz has been taken 85 times
  • The average score is 11 of 12
Answer Stats
Picture Answer % Correct
Бразилия
100%
Аржентина
98%
Уругвай
95%
Колумбия
93%
Венецуела
91%
Перу
89%
Чили
89%
Еквадор
88%
Парагвай
86%
Боливия
82%
Суринам
77%
Гаяна
61%
No matching quizzes found
Score Distribution
Percent of People with Each Score
Percentile by Number Answered
Your Score History
You have not taken this quiz